Elektroenergetika 1

Bibliographic Details
Main Authors: Reiss, Ladislav, 1902-1983 (Author), Fecko, Štefan, 1929-2015 (Author)
Format: Book
Language:Slovak
PhysicalDescription:270, [1] s. diagr., fotogr., sch., tab. 4°
Published: Bratislava Slovenská vysoká škola technická 1975
Edition:1. vyd.
Subjects:

MARC

LEADER 00000cam a2200000 a 4500
001 vtls008324633
003 SK-MaSNL
005 20260302074325.0
008 240315s1975 xo oa p 001 0 slo
015 |a SNBA1975/03-00761 
035 |a SK01SNK19750016850 
035 |a SKM000019313 
040 |a SNK  |b slo  |c SNK  |e AACR2 
041 0 |a slo 
044 |a xo  |c SK 
080 |a 621.3(075.8)  |2 1981 
100 1 |a Reiss, Ladislav,  |d 1902-1983  |4 aut  |9 151616 
245 1 0 |a Elektroenergetika  |n 1  |c autori: Ladislav Reiss, Štefan Fecko 
250 |a 1. vyd. 
260 |a Bratislava  |b Slovenská vysoká škola technická  |c 1975 
300 |a 270, [1] s.  |b diagr., fotogr., sch., tab.  |c 4° 
366 |e 520 výt. 
504 |a Bibliogr. 
650 0 7 |a elektroenergetika  |2 SNKPH  |9 15219 
655 7 |a učebnice vysokých škôl  |2 SNKPH  |9 70191 
700 1 |a Fecko, Štefan,  |d 1929-2015  |4 aut  |9 215597 
958 |a OND 
958 |a RM 
958 |a RK 
958 |a NB 
958 |a UV 
999 |c 1164593  |d 1166523 
952 |a SNK  |b SNK  |y PREZ  |7 0  |p 17A0923740  |o snkSB 22012/1  |i snkKSP 2860/75  |0 0  |1 0  |4 0  |d 2014-06-04  |f 1  |l 0  |r 2025-03-26 00:00:00  |w 2026-02-24 
952 |a SNK  |b SNK  |y VYP  |7 0  |o snkSB 22012/1 D1  |i snkKSP 2861/75  |0 0  |1 0  |4 0  |d 2014-06-04  |l 0  |r 2026-02-24 20:45:04  |w 2026-02-24